[Event "25th Klatovy A 2017"]
[Site "Klatovy CZE"]
[Date "2017.07.04"]
[Round "4.24"]
[White "Kejzlar, Lubos"]
[Black "Zahorbensky, Jaroslav"]
[Result "0-1"]
[WhiteElo "1940"]
[BlackElo "2050"]
[PlyCount "70"]
[EventDate "2017.07.01"]
[EventType "swiss"]
[EventRounds "9"]
[EventCountry "CZE"]
[SourceTitle "EXT 2018"]
[Source "ChessBase"]
[SourceDate "2017.10.13"]
[SourceVersion "1"]
[SourceVersionDate "2017.10.13"]
[SourceQuality "1"]

1. e4 g6 2. d4 Nf6 3. Nc3 d5 4. e5 Nh5 5. Be2 Ng7 6. Bh6 c6 7. Nf3 Bg4 8. Ng5 Bxe2 9. Qxe2 e6 10. Nf3 Nd7 11. O-O Nf5 12. Bxf8 Kxf8 13. Nd1 Kg7 14. Ne3 Qe7 15. Nxf5+ exf5 16. Rfe1 Nf8 17. a4 Ne6 18. Ra3 Rab8 19. Qd2 Rhd8 20. Raa1 Rd7 21. b4 Qd8 22. Reb1 b6 23. c3 h6 24. Qc2 Re7 25. Kf1 Rc8 26. Rc1 c5 27. bxc5 bxc5 28. Qd1 cxd4 29. cxd4 Rxc1 30. Qxc1 Qb6 31. Qd1 Qb4 32. g3 Qc3 33. Kg2 g5 34. Qb1 f4 35. Qf5 Qxf3+ 0-1

[Event "25th Klatovy A 2017"]
[Site "Klatovy CZE"]
[Date "2017.07.04"]
[Round "4.25"]
[White "Bartonicek, Zdenek Jr"]
[Black "Hak, David"]
[Result "0-1"]
[WhiteElo "2039"]
[BlackElo "1777"]
[PlyCount "58"]
[EventDate "2017.07.01"]
[EventType "swiss"]
[EventRounds "9"]
[EventCountry "CZE"]
[SourceTitle "EXT 2018"]
[Source "ChessBase"]
[SourceDate "2017.10.13"]
[SourceVersion "1"]
[SourceVersionDate "2017.10.13"]
[SourceQuality "1"]

1. Nf3 d5 2. c4 e6 3. b3 Nf6 4. g3 b6 5. Bg2 Bb7 6. O-O Bd6 7. Bb2 Nbd7 8. Na3 a6 9. cxd5 exd5 10. d4 O-O 11. Nc2 Ne4 12. Ne3 f5 13. Ne5 f4 14. Nc2 fxg3 15. hxg3 Qe7 16. Ne3 Rad8 17. N3g4 Ndf6 18. e3 Nxg4 19. Qxg4 Rf6 20. Qh4 Qf8 21. Bxe4 dxe4 22. Qg4 Bxe5 23. dxe5 Rg6 24. Qf4 Qxf4 25. exf4 e3 26. Rfd1 Rd2 27. Rxd2 exd2 28. Rd1 Bf3 29. Rxd2 Rh6 0-1

[Event "25th Klatovy A 2017"]
[Site "Klatovy CZE"]
[Date "2017.07.04"]
[Round "4.26"]
[White "Novak, Jaromir"]
[Black "Zak, Pavel"]
[Result "0-1"]
[WhiteElo "1849"]
[BlackElo "2038"]
[PlyCount "74"]
[EventDate "2017.07.01"]
[EventType "swiss"]
[EventRounds "9"]
[EventCountry "CZE"]
[SourceTitle "EXT 2018"]
[Source "ChessBase"]
[SourceDate "2017.10.13"]
[SourceVersion "1"]
[SourceVersionDate "2017.10.13"]
[SourceQuality "1"]

1. d4 d5 2. Nf3 Nf6 3. c4 c6 4. e3 Bg4 5. Qb3 Qc7 6. Nc3 e6 7. cxd5 exd5 8. Bd3 Bd6 9. h3 Be6 10. Bd2 h6 11. Rc1 a6 12. Na4 Nbd7 13. Bb1 Ne4 14. O-O f5 15. Bb4 Bxb4 16. Qxb4 g5 17. Ne5 a5 18. Qa3 Nxe5 19. dxe5 Qxe5 20. f3 Nd2 21. Rfe1 Kf7 22. f4 Qc7 23. Nc5 Rhg8 24. Nxe6 Kxe6 25. Qd3 Ne4 26. Qf1 g4 27. Bxe4 fxe4 28. hxg4 Rxg4 29. Re2 Rag8 30. Rcc2 Kf5 31. Kf2 d4 32. Rc5+ Kf6 33. Qh1 dxe3+ 34. Ke1 Qxf4 35. Rcc2 Ke7 36. b3 Rd8 37. Qh3 Rh4 0-1

[Event "25th Klatovy A 2017"]
[Site "Klatovy CZE"]
[Date "2017.07.04"]
[Round "4.27"]
[White "Kubat, Martin"]
[Black "Kunc, Jan"]
[Result "1/2-1/2"]
[WhiteElo "1828"]
[BlackElo "2015"]
[PlyCount "83"]
[EventDate "2017.07.01"]
[EventType "swiss"]
[EventRounds "9"]
[EventCountry "CZE"]
[SourceTitle "EXT 2018"]
[Source "ChessBase"]
[SourceDate "2017.10.13"]
[SourceVersion "1"]
[SourceVersionDate "2017.10.13"]
[SourceQuality "1"]

1. e4 c5 2. Nf3 Nc6 3. d4 cxd4 4. Nxd4 Nf6 5. Nc3 e5 6. Ndb5 d6 7. Bg5 a6 8. Na3 b5 9. Nd5 Be7 10. Bxf6 Bxf6 11. c3 Bg5 12. Nc2 Rb8 13. Nce3 O-O 14. h4 Bh6 15. g4 Bf4 16. Qf3 Bxe3 17. Nxe3 b4 18. Bc4 Qa5 19. Rc1 Be6 20. Nd5 bxc3 21. bxc3 Bxd5 22. Bxd5 Nd4 23. Qd3 Ne6 24. Qd2 Nf4 25. Bb3 Qc5 26. O-O Qc8 27. f3 Qd8 28. Qh2 Qb6+ 29. Kh1 Qe3 30. Rc2 Rfc8 31. c4 Qd3 32. Qf2 Rc6 33. Rd2 Qc3 34. Rfd1 Qb4 35. Qa7 Ne6 36. c5 Rxc5 37. Bxe6 fxe6 38. Rxd6 Rc1 39. Qxa6 Qb1 40. Qd3 Rxd1+ 41. Qxd1 Qxa2 42. Rd8+ 1/2-1/2

[Event "25th Klatovy A 2017"]
[Site "Klatovy CZE"]
[Date "2017.07.04"]
[Round "4.28"]
[White "Lhotsky, Zdenek"]
[Black "Trmal, Jaroslav"]
[Result "0-1"]
[WhiteElo "1695"]
[BlackElo "2201"]
[PlyCount "60"]
[EventDate "2017.07.01"]
[EventType "swiss"]
[EventRounds "9"]
[EventCountry "CZE"]
[SourceTitle "EXT 2018"]
[Source "ChessBase"]
[SourceDate "2017.10.13"]
[SourceVersion "1"]
[SourceVersionDate "2017.10.13"]
[SourceQuality "1"]

1. e4 e5 2. Nf3 Nc6 3. Bb5 a6 4. Ba4 Nf6 5. O-O Be7 6. Qe2 b5 7. Bb3 O-O 8. c3 d5 9. exd5 e4 10. Ng5 Na5 11. Nxe4 Nxb3 12. axb3 Qxd5 13. Nxf6+ Bxf6 14. b4 Bb7 15. f3 Rfe8 16. Qf2 Qd3 17. Re1 Be5 18. Re3 Qc2 19. Re1 Bf4 20. g3 Bg5 21. f4 Bxf4 22. Na3 Rxe1+ 23. Qxe1 Qd3 24. gxf4 Qf3 25. Qg3 Qh1+ 26. Kf2 Re8 27. Nc2 Re6 28. f5 Rh6 29. Qxc7 Rxh2+ 30. Kg3 Qf3+ 0-1

[Event "25th Klatovy A 2017"]
[Site "Klatovy CZE"]
[Date "2017.07.04"]
[Round "4.29"]
[White "Dvorak, Jan"]
[Black "Hlozek, David"]
[Result "1-0"]
[WhiteElo "2174"]
[BlackElo "1890"]
[PlyCount "49"]
[EventDate "2017.07.01"]
[EventType "swiss"]
[EventRounds "9"]
[EventCountry "CZE"]
[SourceTitle "EXT 2018"]
[Source "ChessBase"]
[SourceDate "2017.10.13"]
[SourceVersion "1"]
[SourceVersionDate "2017.10.13"]
[SourceQuality "1"]

1. c4 e5 2. g3 Nf6 3. Bg2 d5 4. cxd5 Nxd5 5. Nc3 Nb6 6. Nf3 Nc6 7. O-O Be7 8. d3 O-O 9. Be3 Re8 10. a3 Bf8 11. Rc1 h6 12. Na4 Nd4 13. Nc5 c6 14. Nb3 Nxb3 15. Qxb3 Be6 16. Qc2 Bd5 17. Rfd1 Qf6 18. Qc3 Bd6 19. b4 Rac8 20. Bc5 Na4 21. Qc2 Nxc5 22. bxc5 Bf8 23. Nd2 Qe6 24. e4 Ba2 25. Ra1 1-0

[Event "25th Klatovy A 2017"]
[Site "Klatovy CZE"]
[Date "2017.07.04"]
[Round "4.30"]
[White "Sprenar, Petr"]
[Black "Srba, Stanislav"]
[Result "1-0"]
[WhiteElo "2042"]
[BlackElo "1924"]
[PlyCount "43"]
[EventDate "2017.07.01"]
[EventType "swiss"]
[EventRounds "9"]
[EventCountry "CZE"]
[SourceTitle "EXT 2018"]
[Source "ChessBase"]
[SourceDate "2017.10.13"]
[SourceVersion "1"]
[SourceVersionDate "2017.10.13"]
[SourceQuality "1"]

1. d4 f5 2. g3 g6 3. Bg2 Nf6 4. c4 Bg7 5. Nc3 O-O 6. Nf3 d6 7. O-O Qe8 8. d5 e5 9. dxe6 Qxe6 10. Qb3 c6 11. Bf4 Nbd7 12. Ng5 Qe7 13. c5+ d5 14. Bd6 Qe8 15. Bxf8 Qxf8 16. Bxd5+ cxd5 17. Nxd5 Kh8 18. Nc7 Nxc5 19. Qc4 Rb8 20. Nf7+ Kg8 21. Nd6+ Ne6 22. Nxc8 1-0

[Event "25th Klatovy A 2017"]
[Site "Klatovy CZE"]
[Date "2017.07.04"]
[Round "4.31"]
[White "Kasik, Miroslav"]
[Black "Ondrejat, Miroslav"]
[Result "0-1"]
[WhiteElo "1805"]
[BlackElo "2010"]
[PlyCount "64"]
[EventDate "2017.07.01"]
[EventType "swiss"]
[EventRounds "9"]
[EventCountry "CZE"]
[SourceTitle "EXT 2018"]
[Source "ChessBase"]
[SourceDate "2017.10.13"]
[SourceVersion "1"]
[SourceVersionDate "2017.10.13"]
[SourceQuality "1"]

1. d4 Nf6 2. Nf3 e6 3. g3 c5 4. Bg2 Nc6 5. c3 d5 6. O-O Be7 7. e3 O-O 8. Nbd2 cxd4 9. exd4 a5 10. a4 b6 11. Re1 Ba6 12. Bf1 Bxf1 13. Kxf1 Nd7 14. Qe2 Qc8 15. Kg1 Qa6 16. Qxa6 Rxa6 17. Ne5 Ndxe5 18. dxe5 Rb8 19. f4 b5 20. axb5 Rxb5 21. Ra4 d4 22. Ne4 dxc3 23. bxc3 f5 24. exf6 gxf6 25. Be3 f5 26. Nd2 Bf6 27. Rc1 e5 28. fxe5 Nxe5 29. Rc2 Ng4 30. Bd4 Bxd4+ 31. cxd4 Re6 32. Nf1 Re1 0-1

[Event "25th Klatovy A 2017"]
[Site "Klatovy CZE"]
[Date "2017.07.04"]
[Round "4.32"]
[White "Krauskopfova, Lenka 1996"]
[Black "Stanek, Petr"]
[Result "0-1"]
[WhiteElo "1986"]
[BlackElo "1888"]
[PlyCount "196"]
[EventDate "2017.07.01"]
[EventType "swiss"]
[EventRounds "9"]
[EventCountry "CZE"]
[SourceTitle "EXT 2018"]
[Source "ChessBase"]
[SourceDate "2017.10.13"]
[SourceVersion "1"]
[SourceVersionDate "2017.10.13"]
[SourceQuality "1"]

1. c4 e5 2. Nc3 d6 3. g3 Nf6 4. Bg2 Nc6 5. e3 g6 6. Nge2 Bg7 7. O-O O-O 8. d3 Ne7 9. Nd5 c6 10. Nxe7+ Qxe7 11. Nc3 a5 12. b3 Nd7 13. d4 f5 14. Ba3 Rd8 15. Bb2 Nf6 16. Re1 g5 17. Qd2 Bd7 18. a3 Be8 19. b4 Kh8 20. Rad1 Qc7 21. Qc2 Bg6 22. Qc1 axb4 23. axb4 Bh5 24. Rd2 Qb6 25. b5 e4 26. Qc2 Qc7 27. Ra1 Rxa1+ 28. Bxa1 Ra8 29. Bb2 Rc8 30. Bf1 Be8 31. Qb3 Nd7 32. Rd1 Ra8 33. Bh3 g4 34. Bf1 Bf7 35. Ra1 Rxa1 36. Bxa1 Qa5 37. Bb2 h5 38. bxc6 bxc6 39. Qa3 Qxa3 40. Bxa3 c5 41. Nb5 Bf8 42. Bb2 Kh7 43. Bc3 Kg6 44. d5 Nb6 45. Ba5 Nc8 46. Be2 Be8 47. Kf1 Bd7 48. Ke1 Kf7 49. Kd1 Be7 50. Kc2 Ke8 51. Nc7+ Kf7 52. Kb2 Bd8 53. Ka3 Ne7 54. Bd1 Ng6 55. Ba4 Bxa4 56. Kxa4 Bxc7 57. Bxc7 Ke7 58. Kb5 Kd7 59. Ba5 Ne5 60. Bd2 Nd3 61. Bc3 Nxf2 62. Bf6 Nd1 63. Bg5 Nc3+ 64. Ka5 Ne2 65. Ka4 Ng1 66. Kb3 Nf3 67. Kc2 Nxh2 68. Kd1 Nf3 69. Bf6 Ke8 70. Ke2 Kf7 71. Bc3 h4 72. gxh4 Nxh4 73. Kf2 Kg6 74. Ba5 Kf7 75. Bc7 Ke7 76. Ba5 Nf3 77. Bc3 Kf7 78. Kg3 Kg6 79. Kf4 Ng5 80. Ba5 Nf7 81. Bc3 g3 82. Kxg3 Kg5 83. Bb2 Nh6 84. Kf2 Kg4 85. Bc3 Nf7 86. Bf6 f4 87. exf4 Kxf4 88. Be7 e3+ 89. Ke2 Ke4 90. Bf6 Kf5 91. Bb2 Ke4 92. Bf6 Kf4 93. Bg7 Ke4 94. Bf6 Nh6 95. Be7 Nf5 96. Bf8 Kd4 97. Ke1 Kxc4 98. Ke2 Kxd5 0-1

[Event "25th Klatovy A 2017"]
[Site "Klatovy CZE"]
[Date "2017.07.04"]
[Round "4.33"]
[White "Paldus, Jan"]
[Black "Cekan, Petr1"]
[Result "1/2-1/2"]
[WhiteElo "1770"]
[BlackElo "1965"]
[PlyCount "38"]
[EventDate "2017.07.01"]
[EventType "swiss"]
[EventRounds "9"]
[EventCountry "CZE"]
[SourceTitle "EXT 2018"]
[Source "ChessBase"]
[SourceDate "2017.10.13"]
[SourceVersion "1"]
[SourceVersionDate "2017.10.13"]
[SourceQuality "1"]

1. e4 b6 2. d4 Bb7 3. Nc3 e6 4. Nf3 Bb4 5. Bd3 Nf6 6. Qe2 d5 7. exd5 Nxd5 8. Bd2 Nxc3 9. bxc3 Bd6 10. O-O Nd7 11. Rfe1 h6 12. a4 O-O 13. a5 c5 14. a6 Bxf3 15. Qxf3 cxd4 16. cxd4 Qh4 17. g3 Qxd4 18. Bc3 Qc5 19. Ra4 Rac8 1/2-1/2

[Event "25th Klatovy A 2017"]
[Site "Klatovy CZE"]
[Date "2017.07.04"]
[Round "4.35"]
[White "Richter, Martin1"]
[Black "Skypala, Ondrej"]
[Result "1-0"]
[WhiteElo "1945"]
[BlackElo "1685"]
[PlyCount "45"]
[EventDate "2017.07.01"]
[EventType "swiss"]
[EventRounds "9"]
[EventCountry "CZE"]
[SourceTitle "EXT 2018"]
[Source "ChessBase"]
[SourceDate "2017.10.13"]
[SourceVersion "1"]
[SourceVersionDate "2017.10.13"]
[SourceQuality "1"]

1. e4 e6 2. d4 d5 3. Nc3 Nf6 4. Bg5 Be7 5. e5 Nfd7 6. h4 h6 7. Bxe7 Qxe7 8. Nb5 Nb6 9. Bd3 a6 10. Nc3 Nc6 11. Qg4 f5 12. exf6 Qxf6 13. Qg6+ Ke7 14. Nf3 Bd7 15. O-O-O Kd6 16. Qg3+ e5 17. dxe5+ Nxe5 18. Rhe1 Rhe8 19. Be4 Kc5 20. Nxd5 Qe6 21. b4+ Kc4 22. Rd4+ Kb5 23. Nxc7+ 1-0

[Event "25th Klatovy A 2017"]
[Site "Klatovy CZE"]
[Date "2017.07.04"]
[Round "4.36"]
[White "Vartazaryan, Gor"]
[Black "Novy, Daniel"]
[Result "0-1"]
[WhiteElo "1795"]
[BlackElo "1942"]
[PlyCount "54"]
[EventDate "2017.07.01"]
[EventType "swiss"]
[EventRounds "9"]
[EventCountry "CZE"]
[SourceTitle "EXT 2018"]
[Source "ChessBase"]
[SourceDate "2017.10.13"]
[SourceVersion "1"]
[SourceVersionDate "2017.10.13"]
[SourceQuality "1"]

1. e4 c5 2. Nf3 e6 3. d4 cxd4 4. Nxd4 a6 5. Nc3 Nc6 6. Be3 Nf6 7. f3 Bb4 8. Be2 d5 9. Nxc6 bxc6 10. e5 Nd7 11. O-O Nxe5 12. Qd4 Bd6 13. Na4 O-O 14. f4 Nd7 15. b4 e5 16. Qc3 Qc7 17. fxe5 Bxe5 18. Bd4 Bxh2+ 19. Kh1 Be5 20. Bd3 Qd6 21. Rae1 Qh6+ 22. Kg1 Qh2+ 23. Kf2 Qh4+ 24. Ke2 Qg4+ 25. Kd2 Qxd4 26. Qxd4 Bxd4 27. Rh1 g6 0-1

[Event "25th Klatovy A 2017"]
[Site "Klatovy CZE"]
[Date "2017.07.04"]
[Round "4.37"]
[White "Stinka, Jakub"]
[Black "Odehnal, Jaroslav"]
[Result "1-0"]
[WhiteElo "1991"]
[BlackElo "1930"]
[PlyCount "83"]
[EventDate "2017.07.01"]
[EventType "swiss"]
[EventRounds "9"]
[EventCountry "CZE"]
[SourceTitle "EXT 2018"]
[Source "ChessBase"]
[SourceDate "2017.10.13"]
[SourceVersion "1"]
[SourceVersionDate "2017.10.13"]
[SourceQuality "1"]

1. c4 Nf6 2. Nc3 g6 3. d4 Bg7 4. e4 d6 5. f4 e5 6. fxe5 dxe5 7. d5 O-O 8. Nf3 Nh5 9. Be3 Na6 10. Be2 Qe7 11. O-O Nf4 12. a3 Nxe2+ 13. Qxe2 f5 14. exf5 gxf5 15. Rad1 f4 16. Bf2 Bf5 17. Ne4 Bxe4 18. Qxe4 Nc5 19. Bxc5 Qxc5+ 20. Kh1 h6 21. b4 Qe3 22. Qg6 Rf6 23. Qg4 Kh7 24. Rde1 Qxa3 25. Rxe5 Qd3 26. Rfe1 Rg8 27. Qh5 Qg6 28. Qxg6+ Rxg6 29. Re7 Kh8 30. Rxc7 Bc3 31. Ree7 R6g7 32. Rxb7 Rxe7 33. Rxe7 Bxb4 34. Rxa7 Rc8 35. Ne5 Rb8 36. Nc6 Bc5 37. Nxb8 Bxa7 38. Nd7 Kg7 39. c5 Kf7 40. Nb6 Kf6 41. Kg1 Ke5 42. d6 1-0

[Event "25th Klatovy A 2017"]
[Site "Klatovy CZE"]
[Date "2017.07.04"]
[Round "4.38"]
[White "Kubat, Miroslav"]
[Black "Hodan, Jiri"]
[Result "0-1"]
[WhiteElo "1983"]
[BlackElo "1876"]
[PlyCount "138"]
[EventDate "2017.07.01"]
[EventType "swiss"]
[EventRounds "9"]
[EventCountry "CZE"]
[SourceTitle "EXT 2018"]
[Source "ChessBase"]
[SourceDate "2017.10.13"]
[SourceVersion "1"]
[SourceVersionDate "2017.10.13"]
[SourceQuality "1"]

1. e4 e5 2. Nc3 Nc6 3. g3 Bc5 4. Bg2 Nf6 5. Nf3 O-O 6. O-O d6 7. h3 a6 8. a4 Be6 9. d3 h6 10. Kh2 d5 11. exd5 Nxd5 12. Nxd5 Bxd5 13. Qe2 Qf6 14. c3 Rfe8 15. b4 Bd6 16. Be3 e4 17. dxe4 Bxe4 18. Rac1 Re7 19. Qd1 Rd8 20. Nd4 Bxg2 21. Kxg2 Nxd4 22. Bxd4 Be5 23. Bxe5 Rxe5 24. Qf3 Qxf3+ 25. Kxf3 Rd3+ 26. Kg2 Kf8 27. Rfd1 Red5 28. Rxd3 Rxd3 29. Rc2 Ke7 30. Kf1 Rd1+ 31. Ke2 Rd5 32. Ke3 Ke6 33. a5 b6 34. axb6 cxb6 35. c4 Rd8 36. Ra2 Ra8 37. f4 a5 38. Ke4 f5+ 39. Ke3 Kd6 40. Kd4 g6 41. c5+ bxc5+ 42. bxc5+ Kc6 43. Kc4 a4 44. Ra3 Re8 45. Rc3 Re4+ 46. Kd3 Rb4 47. Kc2 Rb5 48. Re3 Kxc5 49. Re5+ Kc4 50. Re6 g5 51. fxg5 hxg5 52. Rg6 a3 53. Ra6 Kb4 54. Kb1 Kc3+ 55. Ka2 f4 56. gxf4 gxf4 57. Rf6 Rb2+ 58. Kxa3 Rb1 59. Ka4 Rf1 60. Kb5 Kd4 61. Kc6 Ke5 62. Rf8 Rc1+ 63. Kd7 Rh1 64. Re8+ Kd4 65. Ra8 f3 66. Ra2 Ke3 67. Ke6 f2 68. Ra3+ Kf4 69. Ra4+ Kg3 0-1

[Event "25th Klatovy A 2017"]
[Site "Klatovy CZE"]
[Date "2017.07.04"]
[Round "4.39"]
[White "Brunova, Blanka"]
[Black "Schuster, Jan"]
[Result "1-0"]
[WhiteElo "1922"]
[BlackElo "1967"]
[PlyCount "27"]
[EventDate "2017.07.01"]
[EventType "swiss"]
[EventRounds "9"]
[EventCountry "CZE"]
[SourceTitle "EXT 2018"]
[Source "ChessBase"]
[SourceDate "2017.10.13"]
[SourceVersion "1"]
[SourceVersionDate "2017.10.13"]
[SourceQuality "1"]

1. e4 e5 2. Nf3 Nc6 3. Bc4 Bc5 4. O-O Nf6 5. d4 exd4 6. e5 d5 7. exf6 dxc4 8. Re1+ Be6 9. fxg7 Rg8 10. Bg5 Qd5 11. Nc3 Qf5 12. Ne4 Rxg7 13. Nh4 Qe5 14. Nf6+ 1-0

[Event "25th Klatovy A 2017"]
[Site "Klatovy CZE"]
[Date "2017.07.04"]
[Round "4.40"]
[White "Cecil, Pavel"]
[Black "Kohout, Josef 1953"]
[Result "1/2-1/2"]
[WhiteElo "1967"]
[BlackElo "1896"]
[PlyCount "64"]
[EventDate "2017.07.01"]
[EventType "swiss"]
[EventRounds "9"]
[EventCountry "CZE"]
[SourceTitle "EXT 2018"]
[Source "ChessBase"]
[SourceDate "2017.10.13"]
[SourceVersion "1"]
[SourceVersionDate "2017.10.13"]
[SourceQuality "1"]

1. d4 e6 2. e4 d5 3. e5 c5 4. c3 Ne7 5. Bd3 Nbc6 6. Ne2 cxd4 7. cxd4 Nf5 8. Bxf5 exf5 9. O-O Be7 10. b3 g5 11. Ba3 h5 12. Bxe7 Qxe7 13. f4 g4 14. Nbc3 Be6 15. Nb5 a6 16. Nd6+ Kf8 17. Qd3 Qd7 18. Qd2 Kg7 19. b4 b5 20. Rfc1 Ne7 21. Rc5 Nc8 22. Nxc8 Rhxc8 23. Rac1 h4 24. a3 Qa7 25. Rxc8 Rxc8 26. Rxc8 Bxc8 27. Qc3 Be6 28. Qc5 Qb7 29. Kf1 Qc8 30. Qxc8 Bxc8 31. Nc3 Bb7 32. Nd1 Kg6 1/2-1/2

[Event "25th Klatovy A 2017"]
[Site "Klatovy CZE"]
[Date "2017.07.04"]
[Round "4.41"]
[White "Kusa, Jakub"]
[Black "Danek, Vaclav"]
[Result "1-0"]
[WhiteElo "1828"]
[BlackElo "1953"]
[PlyCount "93"]
[EventDate "2017.07.01"]
[EventType "swiss"]
[EventRounds "9"]
[EventCountry "CZE"]
[SourceTitle "EXT 2018"]
[Source "ChessBase"]
[SourceDate "2017.10.13"]
[SourceVersion "1"]
[SourceVersionDate "2017.10.13"]
[SourceQuality "1"]

1. e4 e5 2. Nf3 Nc6 3. Bb5 a6 4. Ba4 Nf6 5. O-O b5 6. Bb3 Be7 7. Re1 d6 8. c3 O-O 9. h3 Na5 10. Bc2 c5 11. d4 cxd4 12. cxd4 Bb7 13. d5 Bc8 14. Nbd2 Ne8 15. Nf1 g6 16. Bh6 Ng7 17. Ng3 Nc4 18. b3 Nb6 19. a4 bxa4 20. bxa4 a5 21. Rb1 Nd7 22. Nh2 Nc5 23. f4 Bh4 24. Qf3 Bd7 25. f5 f6 26. Qg4 Bg5 27. Bxg7 Kxg7 28. h4 Bh6 29. h5 g5 30. Qd1 Rb8 31. Ng4 Rb4 32. Qd2 Qb6 33. Kh2 Rb8 34. Ra1 Nxa4 35. Reb1 Nc5 36. Qd1 Qc7 37. Rxb4 Rxb4 38. Rc1 Qb6 39. Nf1 Be8 40. Nfe3 Bxh5 41. Qf3 Kh8 42. Qh3 Bxg4 43. Qxh6 Nd7 44. Ba4 Qd8 45. Bxd7 Qxd7 46. Qxf6+ Kg8 47. Nxg4 1-0

[Event "25th Klatovy A 2017"]
[Site "Klatovy CZE"]
[Date "2017.07.04"]
[Round "4.42"]
[White "Bartonicek, Zdenek"]
[Black "Hacaperka, Michal"]
[Result "0-1"]
[WhiteElo "1942"]
[BlackElo "1846"]
[PlyCount "80"]
[EventDate "2017.07.01"]
[EventType "swiss"]
[EventRounds "9"]
[EventCountry "CZE"]
[SourceTitle "EXT 2018"]
[Source "ChessBase"]
[SourceDate "2017.10.13"]
[SourceVersion "1"]
[SourceVersionDate "2017.10.13"]
[SourceQuality "1"]

1. e4 c5 2. c3 d5 3. exd5 Qxd5 4. d4 Nf6 5. Nf3 e6 6. Be3 cxd4 7. cxd4 Bb4+ 8. Nc3 O-O 9. a3 Bxc3+ 10. bxc3 Qa5 11. Qb3 Nbd7 12. Be2 Ne4 13. Rc1 Ndf6 14. O-O Nd5 15. Bd2 Nxd2 16. Nxd2 Rb8 17. Nc4 Qd8 18. Bf3 b6 19. Ne5 Bb7 20. Bxd5 Bxd5 21. c4 Ba8 22. Qe3 Rc8 23. Rfd1 Qh4 24. c5 Rfd8 25. cxb6 axb6 26. Rb1 Rb8 27. Rb4 f6 28. Nc6 Qh5 29. Qxe6+ Kh8 30. Re1 Re8 31. Ne7 Bd5 32. Qe3 Bxg2 33. Kxg2 Rb7 34. Ng6+ Qxg6+ 35. Kf1 Rxe3 36. Rxe3 h6 37. h3 Qf5 38. Reb3 Qd5 39. Re3 Kh7 40. Ke2 Qd6 0-1

[Event "25th Klatovy A 2017"]
[Site "Klatovy CZE"]
[Date "2017.07.04"]
[Round "4.43"]
[White "Novak, Vaclav2"]
[Black "Novotny, Jaroslav2"]
[Result "0-1"]
[WhiteElo "1829"]
[BlackElo "1933"]
[PlyCount "114"]
[EventDate "2017.07.01"]
[EventType "swiss"]
[EventRounds "9"]
[EventCountry "CZE"]
[SourceTitle "EXT 2018"]
[Source "ChessBase"]
[SourceDate "2017.10.13"]
[SourceVersion "1"]
[SourceVersionDate "2017.10.13"]
[SourceQuality "1"]

1. e4 c5 2. Nf3 d6 3. c3 Nf6 4. d3 Nc6 5. h3 g6 6. Be2 Bg7 7. O-O O-O 8. Bg5 b5 9. a4 b4 10. Qc2 Bb7 11. Nbd2 Rc8 12. c4 a5 13. Rad1 h6 14. Be3 e5 15. Nb3 Nh5 16. Qd2 Kh7 17. g4 Nf4 18. Kh2 g5 19. Ne1 Qf6 20. Ng2 Ra8 21. Na1 Nd4 22. Bxd4 cxd4 23. Nxf4 gxf4 24. f3 Bc6 25. b3 Qh4 26. Qe1 Bf6 27. Nc2 Rg8 28. Rh1 Rg6 29. Qxh4 Bxh4 30. Kg2 Bd7 31. Rdg1 f5 32. Kf1 fxe4 33. fxe4 Kg7 34. Ne1 Bxe1 35. Kxe1 Rg8 36. Rh2 Kf6 37. Rhg2 h5 38. Kf2 hxg4 39. hxg4 R6g7 40. Bf3 Rh7 41. Rc1 Rc8 42. Ke2 Kg5 43. Kf2 Rh4 44. Rcg1 Be6 45. Rc1 Rh3 46. Rcg1 Rch8 47. Rc1 Rh1 48. Rgg1 Rxg1 49. Kxg1 Bxg4 50. Bxg4 Kxg4 51. c5 Rc8 52. c6 Kf3 53. c7 Ke3 54. Rc6 Kxd3 55. Rxd6 Rxc7 56. Rd5 Kxe4 57. Rxa5 Rc3 0-1

[Event "25th Klatovy A 2017"]
[Site "Klatovy CZE"]
[Date "2017.07.04"]
[Round "4.44"]
[White "Hlavac, Rudolf"]
[Black "Kantor, Jozef"]
[Result "1-0"]
[WhiteElo "2031"]
[BlackElo "1844"]
[PlyCount "55"]
[EventDate "2017.07.01"]
[EventType "swiss"]
[EventRounds "9"]
[EventCountry "CZE"]
[SourceTitle "EXT 2018"]
[Source "ChessBase"]
[SourceDate "2017.10.13"]
[SourceVersion "1"]
[SourceVersionDate "2017.10.13"]
[SourceQuality "1"]

1. e4 Nf6 2. e5 Nd5 3. d4 d6 4. c4 Nb6 5. exd6 exd6 6. h3 Nc6 7. Nf3 Be7 8. Nc3 O-O 9. Be2 Re8 10. O-O Bf6 11. Bf4 Bf5 12. Qd2 Na5 13. b3 Nc6 14. Rfe1 a5 15. a3 Nd7 16. Bd3 Bxd3 17. Rxe8+ Qxe8 18. Qxd3 Qf8 19. Nd5 Re8 20. Nxc7 Nc5 21. dxc5 Rc8 22. Rd1 Ne5 23. Bxe5 dxe5 24. Nd5 Qxc5 25. Nxf6+ gxf6 26. Qd6 Kg7 27. Qxc5 Rxc5 28. Rd5 1-0

[Event "25th Klatovy A 2017"]
[Site "Klatovy CZE"]
[Date "2017.07.05"]
[Round "5.1"]
[White "Neuman, Petr"]
[Black "Nomin Erdene, Davaademberel"]
[Result "1-0"]
[WhiteElo "2442"]
[BlackElo "2373"]
[PlyCount "89"]
[EventDate "2017.07.01"]
[EventType "swiss"]
[EventRounds "9"]
[EventCountry "CZE"]
[SourceTitle "EXT 2018"]
[Source "ChessBase"]
[SourceDate "2017.10.13"]
[SourceVersion "1"]
[SourceVersionDate "2017.10.13"]
[SourceQuality "1"]

1. d4 d5 2. c4 dxc4 3. Nf3 c5 4. e4 cxd4 5. Qxd4 Qxd4 6. Nxd4 a6 7. Bxc4 e6 8. Be3 Bd7 9. Nd2 Nc6 10. Nxc6 Bxc6 11. f3 Nf6 12. Nb3 Nd7 13. Nd4 Bc5 14. Kf2 Ne5 15. Be2 Bd7 16. Rac1 Bb6 17. Nb3 Bxe3+ 18. Kxe3 Bb5 19. Rc7 Bxe2 20. Kxe2 b5 21. Na5 O-O 22. Rhc1 f5 23. Ke3 fxe4 24. Kxe4 Nf7 25. Nb7 h6 26. Ke3 Rfe8 27. b3 Kf8 28. h4 g6 29. g4 Re7 30. Rxe7 Kxe7 31. Rc7+ Kf6 32. Nc5 e5 33. Rc6+ Kg7 34. Rxa6 Rc8 35. b4 Nd8 36. Ke4 Nc6 37. a3 Kf7 38. Rb6 Nd4 39. Nd3 Nc2 40. Nxe5+ Kg7 41. Rxg6+ Kh7 42. Rc6 Rxc6 43. Nxc6 Nxa3 44. Nd4 Kg6 45. f4 1-0